| 000 | 02419nam a2200349 a 4500 | ||
|---|---|---|---|
| 008 | 120724s2011 ||||||||||||||||| || u | ||
| 050 | _aHC 915 Zam | ||
| 110 | _aUnited Nations Development Programme (UNDP) | ||
| 245 | 1 | 0 |
_aZambia human development report 2011: service delivery for sustainable human development _cby United Nations Development Programme [UNDP] |
| 246 | _aService Delivery Sustainable Human Development | ||
| 260 |
_aLusaka: _bUnited Nations Development Programme (UNDP) _c2011 |
||
| 300 | _a128p.: ill. | ||
| 362 | 1 | _a<p>2011</p> | |
| 500 | _aBibliography | ||
| 650 | _aZAMBIA--SOCIAL CONDITIONS | ||
| 650 | _aHUMAN RIGHTS--ZAMBIA | ||
| 650 | _aHUMAN DEVELOPMENT REPORT--ZAMBIA | ||
| 650 | _aDEVELOPMENT--ZAMBIA | ||
| 650 | _aZAMBIA--ECONOMIC CONDITIONS | ||
| 650 | _aQUALITY OF LIFE--ZAMBIA | ||
| 995 |
_aSPECIAL COLLECTIONS _e1210 _FCBU-MAIN LIBRARY (Kitwe) _jZAM HC 915 Uni _M3 _UAVAILABLE _WFeb 25, 2014 _yB1210 _ZZambiana Collection |
||
| 995 |
_aSPECIAL COLLECTIONS _e1549 _FCBU-MAIN LIBRARY (Kitwe) _jUNDP(058)ZHD/2011B _M4 _UAVAILABLE _WAug 8, 2014 _yB1549 _ZZambiana Collection |
||
| 995 |
_aSPECIAL COLLECTIONS _e1548 _FCBU-MAIN LIBRARY (Kitwe) _jUNDP(058)ZHD/2011A _M3 _UAVAILABLE _WAug 8, 2014 _yB1548 _ZZambiana Collection |
||
| 995 |
_aSPECIAL COLLECTIONS _e1552 _FCBU-MAIN LIBRARY (Kitwe) _jUNDP(05)ZHD/2011E _M7 _UAVAILABLE _WAug 8, 2014 _yB1552 _ZZambiana Collection |
||
| 995 |
_aSPECIAL COLLECTIONS _e1553 _FCBU-MAIN LIBRARY (Kitwe) _jUNDP(05)ZHD/2011F _M8 _UAVAILABLE _WAug 8, 2014 _yB1553 _ZZambiana Collection |
||
| 995 |
_aSPECIAL COLLECTIONS _e1702 _FCBU-MAIN LIBRARY (Kitwe) _jUNDP(058)ZHDR/2011 _M1 _UAVAILABLE _WOct 16, 2014 _yB1702 _ZZambiana Collection |
||
| 995 |
_aSPECIAL COLLECTIONS _e1157 _FCBU-MAIN LIBRARY (Kitwe) _jZAM HC 915 Uni _M10 _UAVAILABLE _WDec 11, 2013 _yB1157 _ZZambiana Collection |
||
| 995 |
_aSPECIAL COLLECTIONS _e1550 _FCBU-MAIN LIBRARY (Kitwe) _jUNDP(058)ZHD/2011C _M5 _UAVAILABLE _WAug 8, 2014 _yB1550 _ZZambiana Collection |
||
| 995 |
_aMAIN LIBRARY OPEN ACCESS _e744822 _FCBU-MAIN LIBRARY (Kitwe) _jHC 915 Zam _M3 _UAVAILABLE _WJun 9, 2014 _y744822 _ZMain Library Open Access Collection |
||
| 995 |
_aMAIN LIBRARY OPEN ACCESS _e743167 _FCBU-MAIN LIBRARY (Kitwe) _jHC 915 Zam _M2 _UAVAILABLE _WJul 24, 2012 _y743167 _ZMain Library Open Access Collection |
||
| 995 |
_aSPECIAL COLLECTIONS _e1551 _FCBU-MAIN LIBRARY (Kitwe) _jUNDP(058)ZHD/2011D _M6 _UAVAILABLE _WAug 8, 2014 _yB1551 _ZZambiana Collection |
||
| 999 |
_c83390 _d83390 |
||